things - Statistics

General Stats
  • This quiz has been taken 10 times
  • The average score is 13 of 15
Answer Stats
Picture Answer % Correct
cat
100%
fish
100%
ladybug
100%
monkey
100%
paint
100%
parrot
100%
pencil
100%
polar bear
100%
rabbit
100%
balloon
89%
bull
78%
kitten
78%
nose
78%
owl
67%
kid
56%
No matching quizzes found
Score Distribution
Percent of People with Each Score
Percentile by Number Answered
Your Score History
You have not taken this quiz